000 00516nam a2200205Ia 4500
005 20240823054527.0
008 240823s9999||||xx |||||||||||||| ||und||
020 _a978-0-558-80099-4
041 _aENGLISH
082 _A302.35 P9
100 _a"Vandeveer, Rodney C"
245 0 _aHuman Behavior in Organizations
250 _a3rd
260 _c2009
_b"Pearson ,Sing"
500 _aYES
650 _aHuman Behaviour
_bManagement Studies
700 _a" Menefee, Michael L"
942 _cBK
999 _c226658
_d226658